00415 2200169 4500001002100000005001500021008004100036020002200077035001900099041000700118082001000125090001000135100002100145245003000166260002800196300002100224INLIS00000000001805420241224115430241224||||||||| | ||| |||| || |  a978-979-29-1620-1 0010-1224018054 aid0 a745.5 a745.50 aNURHETI YULIARTI00aDari sampah mejadi berkah aYogyakartabANDI.c2010 avi+42hlm;14x21cm